000 02329nam1a2200301 i 4500
001 RU\NLR\BIBL_A\012103218
005 20260408121955.0
010 _a9785000811665
035 _a(NLR Aleph) 012103218
090 _a11918123
_c11918123
100 _a20190927g20199999km y0rusy50 ca
101 0 _arus
102 _aRU
105 _a||||z||||||||
200 1 _aАктуальные направления и перспективы развития национальной экономики
_eсборник научных трудов по материалам Международной научной конференции (13 апреля 2018 года)
_fФедеральное государственное образовательное бюджетное учреждение высшего образования "Финансовый университет при Правительстве Российской Федерации" (Финуниверситет), Владикавказский филиал
_g[отв. ред: З.П. Гасиева]
210 _aВладикавказ
_cФГБОУ ВО "Финансовый университет при Правительстве Российской Федерации" (Финуниверситет), Владикавказский филиал
_d2018
215 _d21
606 1 _aНациональная экономика
_jСъезды, совещания и т.п
_xУправление
_yРоссийская Федерация
_92404429
_3RU\NLR\AUTH\661433040
686 1 _aУ21(2)9(2Р)я431
702 1 _aГасиева
_bЗ. П.
_gЗарина Петровна
_4340
711 1 2 _a"Актуальные направления и перспективы развития национальной экономики", международная научная конференция
_eВладикавказ
_f2018
_9679058
_3RU\NLR\AUTH\880509403
712 0 2 _4557
_aФинансовый университет при Правительстве Российской Федерации
_cМосква
_bВладикавказский филиал
_3RU\NLR\AUTH\880404240
_9475526
852 _aNLR
_b2019-3/24669
942 _cBOOK
980 _aNBR